000 00978nmm a2200289 a 4500
001 ocm0001865054
003 TR-IsHL
005 20201028172433.0
008 180609s2013 tu tur
007 cr cn
020 _a9786051361208
035 _a1865054
_b(N$T)
050 0 4 _aR121
_b.A94 2013
090 0 4 _aR121
_b.A94 2013
100 1 _aAydoğan, Ayfer
245 1 0 _aMedical translation dictionary =
_bTıp çeviri sözlüğü: Türkçe-İngilizce, İngilizce-Türkçe
_h[electronic resource] /
_cAyfer Aydoğan ; Sami Aydoğan
250 _aBirinci basım
260 _aAnkara :
_bAnkara Üniversitesi Yayınevi,
_c2013
300 _a779 p.
650 4 _aTıp
650 4 _aMedicine
650 0 _aTıp
_x Sözlükler
650 0 _aMedicine
_x Dictionaries
650 7 _aMEDICAL / Dictionaries & Terminology
_2bisacsh
700 1 _aAydoğan, Sami
856 4 0 _uhttp://search.ebscohost.com/login.aspx?direct=true&scope=site&db=e011xww&AN=1865054
999 _c17201
_d17201